00606nam a22001937a 450000500170000001000150001702000260003202000230005803500130008103700130009408200110010710000190011824500770013726000390021427000500025330000350030350000510033870000230038920130527123005.0 aENG-107219 a9781259004773c495.00 a1259004775c495.00 aEN-90752 bDBAD/PUB a332.17 aKanhaiya Singh aCommercial bank management /cby Kanhaiya Singh [and] Vinay Kumar Dutta aNew Delhibtata McGraw Hill c2013 aP-24, Green Park ExtensionbNew Delhie110016 axvii, 582p. :bill.c24cm(pbk) aIncludes bibliographical references and index  aDutta, Vinay Kumar